000 00192nam a2200097Ia 4500
100 _aKumbhojkar- G.V
942 _cBK
245 _aEngineering Mathematics II
260 _c2021
082 _b kum
999 _c35844
_d35844